00748nam a2200217 i 4500001000700000003000900007005001700016008004100033020001800074245007000092250001200162260003200174300002200206490001700228650005800245700003900303830002500342852002200367999001900389952012200408185838ES-MaACL20250905131225.0160816s1984 sp |||| | spa d a84-7222-167-900aTeatro europeo de los años 80 / cAngel Berenguer ... [et al.]. a1ª ed. aBarcelona : bLaia, c1984. a197 p. ; c20 cm.1 aDivergencias 4aTeatro europeo-yS.XX-xHistoria y crítica.91604801 aBerenguer, Ángel, d1943-9278790 aDivergencias9225285 aES-MaACLjL-11272 c185838d185838 00104070aATENEOMbATENEOMcDEPO2d2016-08-16eSCl0oL-11272p1195897r2023-02-23 00:00:00w2023-02-23yMONOGRAFIA